000 00689nam a2200289Ia 4500
005 20260324124101.0
008 008 260324s9999 xx 000 0 eng d
020 _a9781315553481
037 _aEBOOK
040 _aCRL
040 _beng
040 _cCRL
041 _2eng
041 _aeng
084 _qCRL
100 _aDennis J. Baker
_91172777
245 4 _aThe Right Not to be Criminalized
245 0 _bDemarcating Criminal Law's Authority
260 _bTaylor and Francis
260 _c2011
365 _a
365 _b240
856 _uhttp://www.taylorfrancis.com/books/9781315553481
942 _cEBOOK
999 _c1766880
_d1766880